|
|
|
|
| LEADER |
00000cam a2200000 a 4500 |
| 001 |
vtls008689623 |
| 003 |
SK-MaSNL |
| 005 |
20260301053904.0 |
| 008 |
160208s2004 xr oa f n 100 0 cze |
| 015 |
|
|
|a SNBZSA2008-00253
|
| 020 |
|
|
|a 808647383X (brož.)
|
| 035 |
|
|
|a 13DDD876-A0A8-4CD4-B55A-79FF0BF9232C
|
| 035 |
|
|
|a urn:nbn:sk:snk-amk717
|
| 035 |
|
|
|a urn:nbn:sk:snk-am008hgi
|
| 040 |
|
|
|a SNK
|b slo
|c SNK
|e AACR2
|
| 041 |
0 |
|
|a cze
|a slo
|b eng
|
| 043 |
|
|
|a e-xr---
|a e-xo---
|a e------
|
| 044 |
|
|
|a xr
|c CZ
|
| 072 |
|
7 |
|a 316.7
|x Sociológia kultúry. Kultúrny život
|2 konspekt
|
| 080 |
|
|
|a 316.7(=214.58)
|x (437.3)
|x (082)
|2 2001
|
| 080 |
|
|
|a 316.347
|x (=214.58)
|2 2001
|
| 080 |
|
|
|a 316.356.2
|2 2001
|
| 080 |
|
|
|a 364-786
|2 2001
|
| 080 |
|
|
|a (=214.58)
|2 1997
|
| 080 |
|
|
|a (437.3)
|2 1997
|
| 080 |
|
|
|a (4)
|2 1997
|
| 080 |
|
|
|a (082)
|2 1997
|
| 245 |
0 |
0 |
|a Romové: kulturologické etudy
|b (etnopolitika, příbuzenství a sociální organizace)
|c editoři Marek Jakoubek, Tomáš Hirt
|
| 260 |
|
|
|a Plzeň
|b Aleš Čeněk
|c 2004
|
| 300 |
|
|
|a 383 s.
|b fotogr.
|c 21 cm
|
| 504 |
|
|
|a Obsahuje bibliografie a bibliografické odkazy
|
| 546 |
|
|
|a Text čiast. slov. Res. angl.
|
| 650 |
0 |
7 |
|a Rómovia
|z Česko
|2 snkph
|9 365036
|
| 650 |
0 |
7 |
|a Rómovia
|z Európa
|2 snkph
|9 365037
|
| 650 |
0 |
7 |
|a rómska kultúra
|2 snkph
|9 889
|
| 650 |
0 |
7 |
|a etnicita
|2 snkph
|9 4899
|
| 650 |
0 |
7 |
|a príbuzenstvo
|2 snkph
|9 4139
|
| 650 |
0 |
7 |
|a sociálna integrácia
|2 snkph
|9 60109
|
| 650 |
0 |
7 |
|a Rómovia
|z Slovensko
|2 snkph
|9 365038
|
| 655 |
|
7 |
|a zborníky konferencií
|2 SNKPH
|9 70153
|
| 700 |
1 |
|
|a Jakoubek, Marek,
|d 1975-
|4 edt
|9 151370
|
| 700 |
1 |
|
|a Hirt, Tomáš,
|d 1975-
|4 edt
|9 365039
|
| 919 |
|
|
|a 80-86473-83-X
|
| 958 |
|
|
|a ZS
|
| 958 |
|
|
|a NB
|
| 999 |
|
|
|c 609521
|d 611451
|
| 952 |
|
|
|a SNK
|b SNK
|y VYP
|7 0
|p 17A0571790
|o snkSC 129580 D1
|i snk2007/26074
|8 4
|g 12.88
|0 0
|1 0
|4 0
|d 2007-11-16
|l 0
|r 2026-02-23 16:19:29
|w 2026-02-23
|
| 952 |
|
|
|a SNK
|b SNK
|y PREZ
|7 0
|p 17A0566650
|o snkSC 129580
|i snk2007/23352
|8 4
|g 12.88
|0 0
|1 0
|4 0
|d 2007-10-17
|f 1
|l 0
|r 2025-06-18 00:00:00
|w 2026-02-23
|